Espectros de aceleración para la ciudad de Granada
El contenido de este trabajo está dirigido a la recopilación de la información para realizar el estudio de espectros de aceleración para la ciudad de Granada, como información sobre la tectónico de placas, aspectos tectónicos de Nicaragua, aspectos geológicos, mundial, de Nicaragua y en part...
| Main Authors: | , |
|---|---|
| Other Authors: | |
| Format: | Tesis Section = Libro |
| Language: | Undetermined Spanish |
| Published: |
Managua
UNI
1996
|
| Subjects: |
| LEADER | 01161nam a2200229Ia 4500 | ||
|---|---|---|---|
| 008 | 240830s9999 xx 000 0 und d | ||
| 040 | |a BIBLIOTECA-RUPAP Mon 624.1517 A852 | ||
| 041 | |a spa | ||
| 082 | |a Mon 624.1517 A852 | ||
| 100 | 1 | |a Astacio Morales, María José Leonor | |
| 100 | 1 | |b González López, Freddy Iván | |
| 245 | 1 | 0 | |a Espectros de aceleración para la ciudad de Granada |
| 260 | |a Managua |b UNI |c 1996 | ||
| 300 | |a 240 p. :il. | ||
| 502 | |a Tesis (Ingeniero Civil)- UNI, 1996. | ||
| 520 | 3 | |a El contenido de este trabajo está dirigido a la recopilación de la información para realizar el estudio de espectros de aceleración para la ciudad de Granada, como información sobre la tectónico de placas, aspectos tectónicos de Nicaragua, aspectos geológicos, mundial, de Nicaragua y en particular de Granada Volcanismo de la ciudad como de Nicaragua en general, el modelo del subsuelo para análisis dinámico con el correspondiente análisis espectral. | |
| 650 | 7 | |a SUELOS – ANALISIS | |
| 650 | 7 | |b SUELOS - RECONOCIMIENTOS. | |
| 700 | 1 | |a Tutor: |b Obregón Aguilar, Sergio | |
| 942 | |c BK |2 ddc | ||
| 991 | |a TESIS | ||
| 999 | |c 15848 | ||